Příští rok bude velmi rizikový

"Chceme, aby štát zastropoval ceny energie aj pre veľké firmy," povedal v rozhovore pre Pro-energy magazín Bohuslav Čížek, riaditeľ Sekcie hospodárskej politiky Zväzu priemyslu a dopravy ČR, zástupca generálnej riaditeľky.

Salvato in:
Dettagli Bibliografici
Autore principale: Adámková, Alena
Natura: Capitolo di libro
Lingua:ceco
Soggetti:
Tags: Aggiungi Tag
Nessun Tag, puoi essere il primo ad aggiungerne!!

MARC

LEADER 00000naa a2200000 4500
001 0289608
005 20240417075222.5
041 0 |a cze 
044 |a CZ 
245 1 0 |a Příští rok bude velmi rizikový  |c Alena Adámková 
520 |a "Chceme, aby štát zastropoval ceny energie aj pre veľké firmy," povedal v rozhovore pre Pro-energy magazín Bohuslav Čížek, riaditeľ Sekcie hospodárskej politiky Zväzu priemyslu a dopravy ČR, zástupca generálnej riaditeľky. 
610 2 0 |a energia 
610 2 0 |a firmy 
610 2 0 |a podnik veľký 
610 2 0 |a Česko 
610 2 0 |a štát 
610 2 0 |a rozhovor 
100 1 |a Adámková, Alena